| 000 | 00914nam a2200253 i 4500 | ||
|---|---|---|---|
| 001 | bg | ||
| 100 | 1 | _aCHOJNA-DUCH, Elżbieta | |
| 245 | 1 | 0 |
_aPolskie prawo finansowe : _bfinanse publiczne / _cElżbieta Chojna-Duch. |
| 250 | _aWyd. 2, stan prawny na 1 marca 2003 roku. | ||
| 260 |
_aWarszawa : _bWydaw. Prawnicze "LexisNexis", _c2003. |
||
| 300 |
_a379 s. ; _c24 cm. |
||
| 504 | _aBibliogr. przy rozdz., teksty aktów prawnych. Indeks. | ||
| 650 | 9 |
_aBudżety terenowe _xprawo _zPolska _ystan na 2003 r. |
|
| 650 | 9 |
_aFinanse publiczne _xprawo _zPolska _ystan na 2003 r. |
|
| 655 | _aPodręczniki akademickie | ||
| 020 | _a8373341803 | ||
| 040 | _cBPK | ||
| 041 | 0 | _apol | |
| 080 | _a347.73::336.1(438)(075.8) | ||
| 920 | _a83-7334-180-3 | ||
| 942 | _cKS | ||
| 008 | s pl f |000 0 pol | ||
| 999 |
_c44336 _d44336 |
||
| 856 |
_uhttp://koha.tu.koszalin.pl/cgi-bin/koha/opac-detail.pl?biblionumber=44336 _yKatalog online BPK |
||